00842nam a22002291 450000100060000000300080000600500170001400800390003103500190007003500180008904000410010704100080014808200200015610000370017624500810021326001180029430000350041249000670044750400200051460000350053465000430056918734BD-RjUL20211209000327.0140222r19661941nyu b 001 dbeng a(BD-RjUL)18792 a(OCoLC)670102 aDLCcODaWUdOCoLCdDLCdBD-RjULbeng aeng a822.4bHOW 19661 aHodges, John Cunyus,d1892-1967.10aWilliam Congreve, the man :ba biography from new sources /cJohn C. Hodges. aNew York ;bModern language association of America ;aLondon :bOxford university press,cc1941 [Reprinted 1966]. axvii, 151 p. :bill. ;c22 cm.0 aThe Modern language association of America. General series, XI aIncludes index.10aCongreve, William,d1670-1729. aEnglish dramayRestoration, 1660-1700.